Complete the Legal Phrase - Statistics

General Stats
  • This quiz has been taken 92 times
  • The average score is 12 of 20
Answer Stats
Phrase % Correct
I am issuing a search {warrant} for the appartment of the accused.
89%
The truth, the whole truth, and {nothing} {but} the truth.
89%
The former witness in the Case United States v. Sullivan lied under {oath} ...
87%
I sentence you to three years in a minimum {security} prison.
86%
The {evidence} given by the security cameras led the jury to their decision.
80%
Please approach the {bench}.
78%
The witness may plead the {fifth} in order to not self-incriminate.
78%
The district attorney is giving us a {plea} deal.
77%
... and has thus been found quilty of {perjury}.
66%
The judge rendered the {verdict} 'guilty'.
66%
The jury is {hung}, they can't reach a decision.
66%
The {plaintiff} is seeking legal remedy for the murder of her husband.
59%
The accused party is going to {appeal} the case in the Supreme Court.
57%
If the attorney continues this behavior, he will be dis{barred}.
53%
Witness: I was told by Anne, that Ben broke into the house. Defendant: Objection; {hearsay}.
51%
The {expert} witness is convinced to a reasonable degree, that these are Mr Smith's fingerprints.
44%
Mr Simpson is {acquitted} on all counts.
35%
According to the {character} witness, the accused is not capable of this crime.
19%
I would like to issue a motion to {strike}. The preceding evidence lacks relevance.
14%
The {crown} witness will now enter a witness protection program.
5%
No matching quizzes found
Score Distribution
Percent of People with Each Score
Percentile by Number Answered
Your Score History
You have not taken this quiz